Normal view
MARC view
- Nagpal D P
Entry Personal Name
001 - CONTROL NUMBER
- control field: 116307
003 - CONTROL NUMBER IDENTIFIER
- control field: OSt
005 - DATE AND TIME OF LATEST TRANSACTION
- control field: 20230125045137.0
008 - FIXED-LENGTH DATA ELEMENTS
- fixed length control field: 230125|| aca||aabn | a|a d
040 ## - CATALOGING SOURCE
- Original cataloging agency: OSt
- Transcribing agency: OSt
100 ## - HEADING--PERSONAL NAME
- Personal name: Nagpal D P
670 ## - SOURCE DATA FOUND
- Source citation: Work cat.: (OSt)93946: Nagpal D P, Text Book on Management Information Systems, 2011